000 nam a22 4500
999 _c9108
_d9108
008 180411b ||||| |||| 00| 0 eng d
245 _aGaps in drug safety oversight found.
260 _aPhilippines
_bThe Philippine Star
_cc2016
300 _apage 18.
650 0 _927269
_aMedicine.
942 _2ddc
_cPER